Sociología del siglo XX

保存先:
書誌詳細
主要な著者: Cairns, Huntington (著者), Gurvitch, Georges (著者)
その他の著者: Moore, Wilbert E. (autor)
フォーマット: 図書
言語:スペイン語
出版事項: Buenos Aires El Ateneo 1965
版:2a. ed
シリーズ:Biblioteca de Ciencias Económicas
主題:
タグ: タグ追加
タグなし, このレコードへの初めてのタグを付けませんか!

MARC

LEADER 00000nam a2200000 a 4500
001 UCW4018
003 CL-VaPUC
008 890718e19650000AG |||||||||||||||||spa|d
082 0 4 |a 301  |b CAR  |2 21 
100 0 |a Cairns, Huntington  |e author  |9 308515 
700 |a Gurvitch, Georges  |e author  |9 519133 
700 |a Moore, Wilbert E.  |e autor  |9 412626 
245 1 0 |a Sociología del siglo XX 
250 |a 2a. ed 
300 |a 2 v 
942 |c BK 
945 |d 19890718 00:00:00 
260 |a Buenos Aires  |b El Ateneo  |c 1965 
650 7 |a SOCIOLOGIA SIGLO 20  |2 CL-VaPUC  |9 308518 
583 |a last modification  |c 20160901 11:18:30  |k Rodrigo Vera 
490 0 |a Biblioteca de Ciencias Económicas 
999 |c 217852  |d 217850 
952 |0 0  |1 0  |4 0  |6 301_000000000000000_CAR_1965  |7 0  |8 P  |9 206410  |a BIBEDU  |b BIBEDU  |c BIBEDU_PB  |d 2019-11-15  |h v.1  |i 2742004  |o 301 CAR 1965  |p 2742004  |r 2024-01-25  |w 2019-11-15  |y BK  |k EDU